Hits and misses: ten years of Czech inflation targeting (introduction)

Enregistré dans:
Détails bibliographiques
Auteur principal: Šmídková, Kateřina
Autres auteurs: Bulíř, Aleš, Čihák, Martin
Format: Chapitre de livre
Langue:anglais
Sujets:
Tags: Ajouter un tag
Pas de tags, Soyez le premier à ajouter un tag!

MARC

LEADER 00000naa$a2200000$$$4500
001 0092860
005 20231010112235.3
041 0 |a eng 
044 |a CZ 
245 1 0 |a Hits and misses: ten years of Czech inflation targeting (introduction)  |c Kateřina Šmídková, Aleš Bulíř, Martin Čihák 
610 2 0 |a inflácia 
610 2 0 |a Česko 
610 2 0 |a cielenie inflácie 
100 1 |a Šmídková, Kateřina 
700 1 |a Bulíř, Aleš 
700 1 |a Čihák, Martin